Normal view MARC view
  • Arabic poetry

Entry Topical Term

Number of records used in: 4

001 - CONTROL NUMBER

  • control field: 2003

003 - CONTROL NUMBER IDENTIFIER

  • control field: NUST

005 - DATE AND TIME OF LATEST TRANSACTION

  • control field: 20170606113122.0

008 - FIXED-LENGTH DATA ELEMENTS

  • fixed length control field: 170606|| aca||aabn | a|a d

040 ## - CATALOGING SOURCE

  • Original cataloging agency: NUST
  • Transcribing agency: NUST

150 ## - HEADING--TOPICAL TERM

  • Topical term or geographic name entry element: Arabic poetry
  • Geographic subdivision: Palestine
  • General subdivision: Translations into Urdu.

670 ## - SOURCE DATA FOUND

  • Source citation: Work cat.: (NUST)0: Amjad, Amjad Islām, 1944- 1998, ʻAks :, 1976.
© 2023 Central Library, National University of Sciences and Technology. All Rights Reserved.